000 00447nam a22001697a 4500
005 20180820155914.0
008 160524b xxu||||| |||| 00| 0 eng d
020 _a81-297-0478-1
041 _aeng
082 _b4630
_a658.4012
100 _aWheelen, thomas L & Hunger, J. David
_91119
245 _aStrategic Mgt. and Business Policy
260 _aNew Delhi
_bAcademic Faundation
300 _a367p,
650 _aManagement
_9241
942 _cBK
999 _c1566
_d1565